Evaluación del proyecto de tratamiento de desechos sólidos orgánicos a través de lombricultura, para la obtención de humus en Tipitapa comarca de las Palancas

Se pretende evaluar la rentabilidad económica, así como la viabilidad, de la puesta en marcha de una nueva empresa productora de abono orgánico (humus), cuyo proceso está basado en la lombricultura, dicha empresa estará ubicada en el Municipio de Tipitapa, en la comarca cono cidacomo las Palmas...

Full description

Bibliographic Details
Main Authors: Blandón Navarro, Sandra Lorena, Flores Leytón, Jaime René
Other Authors: Tutor: Acevedo Lugo, Ernesto José
Format: Tesis Section = Libro
Language:Undetermined
Spanish
Published: Managua UNI 2003
Subjects:
LEADER 01560nam a2200277Ia 4500
008 240830s9999 xx 000 0 und d
040 |a BIBLIOTECA-RUSB/ Mon 628.445 B642 
041 |a spa 
082 |a Mon 628.445 B642 
100 1 |a Blandón Navarro, Sandra Lorena  
100 1 |b Flores Leytón, Jaime René 
245 1 0 |a Evaluación del proyecto de tratamiento de desechos sólidos orgánicos a través de lombricultura, para la obtención de humus en Tipitapa comarca de las Palancas 
260 |a Managua  |b UNI  |c 2003 
300 |a 147 p. :il. 
500 |a Contiene: anexos. 
502 |a Tesis (Ingeniero Químico) - UNI, 2003. 
520 3 |a Se pretende evaluar la rentabilidad económica, así como la viabilidad, de la puesta en marcha de una nueva empresa productora de abono orgánico (humus), cuyo proceso está basado en la lombricultura, dicha empresa estará ubicada en el Municipio de Tipitapa, en la comarca cono cidacomo las Palmas. La materia prima a utilizar serán los desechos orgánicos, procedentes de los mataderos de Tipitapa y botaderos del mercado El Mayoreo en Managua. Como insumo principal se tendrá a la lombriz de tierra la cual procesará los desechos orgánicos. 
650 7 |a TRATAMIENTO DE DESECHOS SOLIDOS - ORGANICOS 
650 7 |b  LOMBRICULTURA - PLANTA - TIPITAPA 
650 7 |c  ABONO ORGANICO 
650 7 |d  EVALUACION - IMPACTO AMBIENTAL - ABONICA 
650 7 |e  IMPACTO AMBIENTAL - ABONICA 
700 1 |a Tutor:  |b Acevedo Lugo, Ernesto José 
942 |c BK  |2 ddc 
991 |a TESIS 
999 |c 20504